| 000 | 01202nam0a22002531 4500 | ||
|---|---|---|---|
| 001 | rc\948708 | ||
| 005 | 20260407101845.0 | ||
| 035 | _a(NLR Aleph) 006120593 | ||
| 090 |
_a5456646 _c5456646 |
||
| 100 | _a20041129d1982 |||y0rusy50 ca | ||
| 101 | 0 | _arus | |
| 102 | _aRU | ||
| 105 | _aa ||||||||| | ||
| 200 | 1 |
_aМетодическое пособие для внештатных переводчиков и научных редакторов ВЦП _fГос. ком. СССР по науке и технике, АН СССР, Всесоюз. центр переводов науч.-техн. лит. и док. _g[Сост. И.П. Смирнов и др.] |
|
| 205 | _a2-е изд., испр. и доп. (стереотип) | ||
| 210 |
_aМ. _cВсесоюз. центр переводов _d1982 |
||
| 215 |
_a116 с. _cил. _d21 |
||
| 702 | 1 |
_aСмирнов _bИ.П. _gИван Павлович _4220 |
|
| 712 | 0 | 2 |
_aВсесоюзный центр переводов научно-технической литературы и документации _3RU\NLR\AUTH\889929683 _9354908 |
| 801 | 0 |
_aRU _bNLR _gpsbo |
|
| 801 | 1 |
_aRU _bELAR _2rusmarc |
|
| 852 |
_aNLR _j83-5/5479 |
||
| 942 | _cBOOK | ||
| 980 | _aNB | ||